[Event "European Senior Team Championship 2021"]
[Site "Don Giovanni hotel, Vinohradska 2733, Prague, Czech Republic"]
[Date "2021.08.31"]
[Round "2"]
[Board "4"]
[White "Boudre, Jean-Pierre"]
[Black "Slechta, Karel"]
[Result "1-0"]
[WhiteElo "2263"]
[BlackElo "1836"]
[PlyCount "0"]
[EventDate "2021.08.30"]
[EventType "team"]
[EventRounds "9"]
[EventCountry "ECX"]
[WhiteTeam "FRANCE"]
[BlackTeam "SK SOKOL VYSEHRAD"]

1. e4 {[%clk 1:30:57]} c5 {[%clk 1:30:53]} 2. Be2 {[%clk 1:31:16]} Nc6
{[%clk 1:30:36]} 3. f4 {[%clk 1:31:39]} d6 {[%clk 1:30:29]} 4. Nf3
{[%clk 1:32:00]} g6 {[%clk 1:24:17]} 5. O-O {[%clk 1:23:38]} Bg7 {[%clk 1:23:12]}
6. c3 {[%clk 1:24:03]} Nf6 {[%clk 1:20:14]} 7. d3 {[%clk 1:22:08]} Rb8
{[%clk 1:15:56]} 8. Kh1 {[%clk 1:18:43]} b5 {[%clk 1:12:16]} 9. e5
{[%clk 1:11:54]} dxe5 {[%clk 1:07:37]} 10. fxe5 {[%clk 1:12:15]} Nd5
{[%clk 1:04:34]} 11. d4 {[%clk 1:11:21]} O-O {[%clk 0:17:03]} 12. dxc5
{[%clk 0:27:27]} Nxe5 {[%clk 0:17:07]} 13. Nxe5 {[%clk 0:27:35]} Bxe5
{[%clk 0:17:22]} 14. Bh6 {[%clk 0:27:57]} Bg7 {[%clk 0:16:29]} 15. Bxg7
{[%clk 0:27:53]} Kxg7 {[%clk 0:16:57]} 16. Qd4+ {[%clk 0:27:30]} Nf6
{[%clk 0:14:32]} 17. Qe5 {[%clk 0:21:03]} Bb7 {[%clk 0:14:31]} 18. Rd1
{[%clk 0:21:22]} Qe8 {[%clk 0:13:14]} 19. Na3 {[%clk 0:21:32]} Kg8
{[%clk 0:11:59]} 20. Rd4 {[%clk 0:16:17]} Bc6 {[%clk 0:10:54]} 21. b4
{[%clk 0:15:56]} Nd7 {[%clk 0:10:24]} 22. Qg3 {[%clk 0:14:53]} Qc8
{[%clk 0:09:00]} 23. Nc2 {[%clk 0:14:55]} e5 {[%clk 0:08:54]} 24. Rd6
{[%clk 0:15:17]} f5 {[%clk 0:09:18]} 25. Rad1 {[%clk 0:15:18]} Nf6
{[%clk 0:09:25]} 26. Bf3 {[%clk 0:10:25]} e4 {[%clk 0:08:41]} 27. Be2
{[%clk 0:10:51]} Ne8 {[%clk 0:08:58]} 28. Rxc6 {[%clk 0:10:59]} Qxc6
{[%clk 0:09:16]} 29. Qxb8 {[%clk 0:11:27]} Nf6 {[%clk 0:09:04]} 30. Qxb5
{[%clk 0:11:50]}  1-0

[Event "European Senior Team Championship 2021"]
[Site "Don Giovanni hotel, Vinohradska 2733, Prague, Czech Republic"]
[Date "2021.08.31"]
[Round "2"]
[Board "1"]
[White "Chevelevitch, Evgueni"]
[Black "Kolbak, Jens"]
[Result "1/2-1/2"]
[WhiteElo "2386"]
[BlackElo "2169"]
[PlyCount "0"]
[EventDate "2021.08.30"]
[EventType "team"]
[EventRounds "9"]
[EventCountry "ECX"]
[WhiteTeam "GERMANY 1"]
[BlackTeam "SK 2012"]

1. e4 {[%clk 1:30:53]} e5 {[%clk 1:30:44]} 2. Nf3 {[%clk 1:31:18]} Nc6
{[%clk 1:31:07]} 3. Bb5 {[%clk 1:31:38]} a6 {[%clk 1:31:24]} 4. Ba4
{[%clk 1:32:04]} d6 {[%clk 1:29:49]} 5. c3 {[%clk 1:31:46]} Nf6 {[%clk 1:29:37]}
6. d4 {[%clk 1:31:46]} Bd7 {[%clk 1:29:17]} 7. O-O {[%clk 1:31:00]} Be7
{[%clk 1:28:32]} 8. Re1 {[%clk 1:29:43]} O-O {[%clk 1:28:11]} 9. Nbd2
{[%clk 1:27:51]} Re8 {[%clk 1:21:25]} 10. Nf1 {[%clk 1:25:11]} Bf8
{[%clk 1:21:12]} 11. Ng3 {[%clk 1:24:37]} g6 {[%clk 1:17:54]} 12. h3
{[%clk 1:22:59]} Bg7 {[%clk 1:17:49]} 13. a3 {[%clk 1:11:43]} b5 14. Bc2
{[%clk 1:08:01]} a5 {[%clk 1:12:15]} 15. a4 {[%clk 0:59:41]} Na7 {[%clk 1:03:23]}
16. axb5 {[%clk 0:54:50]} Nxb5 {[%clk 1:03:37]} 17. dxe5 {[%clk 0:52:03]} dxe5
{[%clk 1:03:45]} 18. Be3 {[%clk 0:52:27]} Nd6 {[%clk 1:00:22]} 19. Ba4
{[%clk 0:52:17]} Nc4 {[%clk 0:57:50]} 20. Bc1 {[%clk 0:52:17]} Nb6
{[%clk 0:51:07]} 21. Bb3 {[%clk 0:50:42]} a4 {[%clk 0:48:35]} 22. Ba2
{[%clk 0:51:06]} Be6 {[%clk 0:44:20]} 23. Qe2 {[%clk 0:50:19]} Bxa2
{[%clk 0:40:12]} 24. Rxa2 {[%clk 0:48:55]} Qd7 {[%clk 0:40:24]} 25. Be3
{[%clk 0:48:07]} Qc6 {[%clk 0:40:16]} 26. Nd2 {[%clk 0:47:03]} Nfd7
{[%clk 0:38:32]} 27. Rea1 {[%clk 0:44:52]} Bf8 {[%clk 0:37:55]} 28. Ngf1
{[%clk 0:29:14]} Nc5 {[%clk 0:35:24]} 29. f3 {[%clk 0:29:15]} Ne6
{[%clk 0:32:32]} 30. Kh1 {[%clk 0:21:05]} Red8 {[%clk 0:31:49]} 31. Bxb6
{[%clk 0:18:47]} Qxb6 {[%clk 0:30:07]} 32. Nc4 {[%clk 0:17:58]} Qb5
{[%clk 0:29:03]} 33. Nfe3 {[%clk 0:17:14]} Bc5 {[%clk 0:22:28]} 34. Ng4
{[%clk 0:14:02]} Bd6 {[%clk 0:18:14]} 35. b4 {[%clk 0:13:48]} Nf4
{[%clk 0:13:37]} 36. Qf1 {[%clk 0:14:11]} Qc6 {[%clk 0:13:02]} 37. Ra3
{[%clk 0:09:50]} Nh5 {[%clk 0:12:05]} 38. Kh2 {[%clk 0:09:01]} f6
{[%clk 0:11:09]} 39. Nb2 {[%clk 0:07:24]} f5 {[%clk 0:09:47]} 40. Nf2
{[%clk 0:07:44]} Kg7 {[%clk 0:08:13]} 41. Qc4 {[%clk 0:06:27]} Qb6
{[%clk 0:06:54]} 42. Nbd3 {[%clk 0:02:31]} Qe3 {[%clk 0:18:23]} 43. Rxa4
{[%clk 0:31:41]} Rac8 {[%clk 0:18:13]} 44. Re1 {[%clk 0:31:10]} Qg5
{[%clk 0:18:10]} 45. Kg1 {[%clk 0:30:35]} Re8 {[%clk 0:17:26]} 46. Ra2
{[%clk 0:30:01]} Re7 {[%clk 0:16:53]} 47. Qc6 {[%clk 0:28:43]} Nf6
{[%clk 0:13:58]} 48. c4 {[%clk 0:25:18]} Ree8 {[%clk 0:11:48]} 49. c5
{[%clk 0:19:14]} Bf8 {[%clk 0:12:12]} 50. exf5 {[%clk 0:17:27]} Qxf5
{[%clk 0:12:33]} 51. Rae2 {[%clk 0:17:22]} Re6 {[%clk 0:10:57]} 52. Qb7
{[%clk 0:16:07]} Rce8 {[%clk 0:10:52]} 53. Qxc7+ {[%clk 0:12:57]} R8e7
{[%clk 0:09:41]} 54. Qb8 {[%clk 0:12:38]} Re8 {[%clk 0:09:07]} 55. Qa7+
{[%clk 0:12:18]} R8e7 {[%clk 0:09:28]} 56. Qa2 {[%clk 0:10:26]} e4
{[%clk 0:09:09]} 57. fxe4 Nxe4 {[%clk 0:09:31]} 58. Nxe4 {[%clk 0:04:15]} Rxe4
{[%clk 0:09:54]} 59. Rxe4 {[%clk 0:04:32]} Rxe4 {[%clk 0:10:19]} 60. Qa7+
{[%clk 0:03:57]} Kh6 {[%clk 0:08:56]} 61. Rxe4 {[%clk 0:03:42]} Qxe4
{[%clk 0:09:20]} 62. Qd7 {[%clk 0:04:09]} Bg7 {[%clk 0:09:02]} 63. Qg4
{[%clk 0:02:00]} Bd4+ {[%clk 0:08:58]} 64. Kh2 {[%clk 0:02:09]} Qxd3
{[%clk 0:09:14]} 65. Qh4+ {[%clk 0:02:38]} Kg7 {[%clk 0:09:35]} 66. Qe7+
{[%clk 0:03:07]} Kh6 {[%clk 0:09:50]} 67. Qh4+ {[%clk 0:03:36]}  1/2-1/2

[Event "European Senior Team Championship 2021"]
[Site "Don Giovanni hotel, Vinohradska 2733, Prague, Czech Republic"]
[Date "2021.08.31"]
[Round "2"]
[Board "2"]
[White "Jorgensen, Jorgen"]
[Black "Baum, Bernd"]
[Result "1/2-1/2"]
[WhiteElo "2165"]
[BlackElo "2255"]
[PlyCount "0"]
[EventDate "2021.08.30"]
[EventType "team"]
[EventRounds "9"]
[EventCountry "ECX"]
[WhiteTeam "SK 2012"]
[BlackTeam "GERMANY 1"]

1. c4 {[%clk 1:30:54]} e6 {[%clk 1:30:33]} 2. Nf3 {[%clk 1:31:00]} d5
{[%clk 1:30:56]} 3. d4 {[%clk 1:30:26]} a6 {[%clk 1:31:11]} 4. e3
{[%clk 1:29:14]} Nf6 {[%clk 1:31:20]} 5. Nbd2 {[%clk 1:29:03]} Nbd7
{[%clk 1:27:36]} 6. Be2 {[%clk 1:29:02]} b6 {[%clk 1:26:36]} 7. O-O
{[%clk 1:28:26]} Bd6 {[%clk 1:25:26]} 8. b3 {[%clk 1:28:22]} Bb7 {[%clk 1:22:53]}
9. Bb2 {[%clk 1:28:18]} Ne4 {[%clk 1:19:00]} 10. Ne5 {[%clk 1:09:57]} O-O
{[%clk 1:12:56]} 11. f4 {[%clk 0:59:31]} f6 {[%clk 0:46:55]} 12. Nxe4 dxe4 13.
Nxd7 {[%clk 0:51:11]} Qxd7 {[%clk 0:47:19]} 14. Qc2 {[%clk 0:48:07]}  1/2-1/2

[Event "European Senior Team Championship 2021"]
[Site "Don Giovanni hotel, Vinohradska 2733, Prague, Czech Republic"]
[Date "2021.08.31"]
[Round "2"]
[Board "4"]
[White "Andersson, Finn"]
[Black "Kierzek, Matthias"]
[Result "0-1"]
[WhiteElo "1796"]
[BlackElo "2201"]
[PlyCount "0"]
[EventDate "2021.08.30"]
[EventType "team"]
[EventRounds "9"]
[EventCountry "ECX"]
[WhiteTeam "SK 2012"]
[BlackTeam "GERMANY 1"]

1. e4 {[%clk 1:30:57]} c6 {[%clk 1:30:53]} 2. d4 {[%clk 1:31:22]} d5
{[%clk 1:31:18]} 3. Nc3 {[%clk 1:31:47]} dxe4 {[%clk 1:31:41]} 4. Nxe4
{[%clk 1:32:12]} Bf5 {[%clk 1:32:02]} 5. Ng3 {[%clk 1:32:37]} Bg6
{[%clk 1:32:27]} 6. Bc4 {[%clk 1:31:55]} e6 {[%clk 1:32:34]} 7. N1e2
{[%clk 1:32:20]} Bd6 {[%clk 1:32:31]} 8. h4 {[%clk 1:32:28]} h6 {[%clk 1:32:41]}
9. Bf4 {[%clk 1:32:02]} Nf6 {[%clk 1:31:02]} 10. Qd2 {[%clk 1:32:02]} Nd5
{[%clk 1:17:38]} 11. Bxd6 {[%clk 1:28:30]} Qxd6 {[%clk 1:18:02]} 12. Bd3
{[%clk 1:20:17]} Bxd3 {[%clk 1:13:51]} 13. Qxd3 {[%clk 1:20:27]} Qb4+
{[%clk 1:04:24]} 14. c3 {[%clk 1:20:24]} Qe7 {[%clk 0:59:09]} 15. Ne4
{[%clk 1:14:53]} Nd7 {[%clk 0:59:04]} 16. Qg3 {[%clk 1:04:24]} O-O
{[%clk 0:55:16]} 17. Qd6 {[%clk 0:57:02]} Qxd6 {[%clk 0:52:33]} 18. Nxd6
{[%clk 0:57:25]} Rab8 {[%clk 0:51:15]} 19. a4 {[%clk 0:52:53]} Rfd8
{[%clk 0:50:22]} 20. Nc4 {[%clk 0:52:35]} N5b6 {[%clk 0:46:20]} 21. Ne3
{[%clk 0:46:21]} Nf6 {[%clk 0:38:33]} 22. h5 {[%clk 0:38:17]} Nfd5
{[%clk 0:37:04]} 23. a5 {[%clk 0:32:54]} Nxe3 {[%clk 0:36:17]} 24. fxe3
{[%clk 0:33:19]} Nc4 {[%clk 0:36:22]} 25. Kf2 {[%clk 0:27:52]} Nxb2
{[%clk 0:35:59]} 26. Nf4 {[%clk 0:22:56]} Nc4 {[%clk 0:31:02]} 27. Rhd1
{[%clk 0:15:37]} e5 {[%clk 0:25:56]} 28. Nd3 {[%clk 0:15:56]} exd4
{[%clk 0:25:52]} 29. exd4 {[%clk 0:15:39]} Rd5 {[%clk 0:24:36]} 30. a6
{[%clk 0:15:14]} Rxh5 {[%clk 0:24:28]} 31. axb7 {[%clk 0:15:01]} Rxb7
{[%clk 0:24:45]} 32. Nb4 {[%clk 0:15:17]} c5 {[%clk 0:17:27]} 33. Nc6
{[%clk 0:08:54]} Rb2+ {[%clk 0:11:15]} 34. Kf3 {[%clk 0:06:07]} Rf5+
{[%clk 0:09:54]} 35. Ke4 {[%clk 0:03:13]} Nd6+ {[%clk 0:10:01]} 36. Ke3
{[%clk 0:03:13]} cxd4+ {[%clk 0:08:34]} 37. cxd4 {[%clk 0:03:12]} Rff2
{[%clk 0:08:22]} 38. Rg1 {[%clk 0:02:12]} Rbe2+ {[%clk 0:05:18]} 39. Kd3
{[%clk 0:02:35]} Rd2+ {[%clk 0:05:34]} 40. Ke3 {[%clk 0:02:57]} f5
{[%clk 0:04:43]}  0-1

[Event "European Senior Team Championship 2021"]
[Site "Don Giovanni hotel, Vinohradska 2733, Prague, Czech Republic"]
[Date "2021.08.31"]
[Round "2"]
[Board "1"]
[White "Vrabec, Milos"]
[Black "Pribyl, Josef"]
[Result "1/2-1/2"]
[WhiteElo "2095"]
[BlackElo "2226"]
[PlyCount "0"]
[EventDate "2021.08.30"]
[EventType "team"]
[EventRounds "9"]
[EventCountry "ECX"]
[WhiteTeam "OLDEST BOYS"]
[BlackTeam "CHESS ACADEMY PRAHA"]

1. e4 {[%clk 1:30:52]} c6 {[%clk 1:30:41]} 2. d4 {[%clk 1:31:03]} d5
{[%clk 1:31:00]} 3. e5 {[%clk 1:29:26]} Bf5 {[%clk 1:31:27]} 4. Nf3
{[%clk 1:29:50]} e6 {[%clk 1:31:47]} 5. Be2 {[%clk 1:29:01]} c5 {[%clk 1:32:09]}
6. dxc5 {[%clk 1:27:35]} Bxc5 {[%clk 1:32:24]} 7. O-O {[%clk 1:27:13]} Nc6
{[%clk 1:32:39]} 8. Nbd2 {[%clk 1:23:40]} Nge7 {[%clk 1:29:14]} 9. Nb3
{[%clk 1:21:17]} Bb6 {[%clk 1:29:41]} 10. Bg5 {[%clk 1:09:15]} h6
{[%clk 1:28:32]} 11. Bxe7 {[%clk 1:09:19]} Qxe7 {[%clk 1:28:48]} 12. Nbd4
{[%clk 1:09:15]} Be4 {[%clk 1:25:00]} 13. Nxc6 {[%clk 1:01:42]} bxc6
{[%clk 1:25:28]} 14. c3 {[%clk 0:56:51]} O-O {[%clk 1:25:26]} 15. Bd3
{[%clk 0:51:04]} f5 {[%clk 1:15:30]} 16. Qe2 {[%clk 0:40:47]} c5 {[%clk 1:15:05]}
17. Kh1 {[%clk 0:35:50]} Bc7 {[%clk 1:13:29]} 18. Rae1 {[%clk 0:30:03]} a5
{[%clk 1:00:23]} 19. Ng1 {[%clk 0:24:23]} Bxe5 {[%clk 0:48:20]} 20. Bxe4
{[%clk 0:23:50]} fxe4 {[%clk 0:48:36]} 21. f3 {[%clk 0:24:11]} Qh4
{[%clk 0:43:12]} 22. Nh3 {[%clk 0:24:20]} Rab8 {[%clk 0:38:11]} 23. fxe4
{[%clk 0:21:03]} Rxf1+ {[%clk 0:38:20]} 24. Rxf1 {[%clk 0:20:52]} Qxe4
{[%clk 0:36:54]} 25. Qxe4 {[%clk 0:20:47]} dxe4 {[%clk 0:37:22]} 26. Rf2
{[%clk 0:20:29]} Bf6 {[%clk 0:29:20]} 27. g3 {[%clk 0:17:23]} Kf7
{[%clk 0:26:06]} 28. Kg2 {[%clk 0:15:55]} Rd8 {[%clk 0:24:07]} 29. Re2
{[%clk 0:15:25]} e5 {[%clk 0:23:04]} 30. Nf2 {[%clk 0:06:52]}  1/2-1/2

[Event "European Senior Team Championship 2021"]
[Site "Don Giovanni hotel, Vinohradska 2733, Prague, Czech Republic"]
[Date "2021.08.31"]
[Round "2"]
[Board "2"]
[White "Mojzis, Jaroslav"]
[Black "Koper, Stefan"]
[Result "1-0"]
[WhiteElo "2030"]
[BlackElo "1827"]
[PlyCount "0"]
[EventDate "2021.08.30"]
[EventType "team"]
[EventRounds "9"]
[EventCountry "ECX"]
[WhiteTeam "CHESS ACADEMY PRAHA"]
[BlackTeam "OLDEST BOYS"]

1. Nf3 {[%clk 1:30:56]} g6 {[%clk 1:30:43]} 2. g3 {[%clk 1:31:07]} Bg7
{[%clk 1:31:08]} 3. d4 {[%clk 1:31:28]} d5 {[%clk 1:31:25]} 4. Bg2
{[%clk 1:31:47]} Nf6 {[%clk 1:31:41]} 5. O-O {[%clk 1:32:07]} O-O
{[%clk 1:31:54]} 6. c4 {[%clk 1:31:15]} c6 {[%clk 1:31:42]} 7. cxd5
{[%clk 1:30:32]} cxd5 {[%clk 1:32:04]} 8. Nc3 {[%clk 1:30:27]} Nc6
{[%clk 1:32:09]} 9. Ne5 {[%clk 1:30:09]} Bf5 {[%clk 1:28:12]} 10. Nxc6
{[%clk 1:27:51]} bxc6 {[%clk 1:28:02]} 11. Na4 {[%clk 1:28:07]} Ne4
{[%clk 1:23:40]} 12. b3 {[%clk 1:14:55]} e5 {[%clk 1:21:26]} 13. Bb2
{[%clk 1:14:59]} exd4 {[%clk 1:21:33]} 14. Bxd4 {[%clk 1:15:22]} Ng5
{[%clk 1:06:35]} 15. Rc1 {[%clk 1:09:32]} Bxd4 {[%clk 1:06:12]} 16. Qxd4
{[%clk 1:09:54]} Bd7 {[%clk 1:05:19]} 17. h4 {[%clk 1:04:16]} Ne6
{[%clk 1:05:21]} 18. Qd2 {[%clk 1:04:18]} f5 {[%clk 1:05:24]} 19. e3
{[%clk 1:03:25]} g5 {[%clk 1:01:40]} 20. hxg5 {[%clk 1:00:50]} Nxg5
{[%clk 0:59:02]} 21. Nc5 {[%clk 0:57:00]} Ne4 {[%clk 0:59:06]} 22. Qd4
{[%clk 0:56:02]} Qe7 {[%clk 0:57:41]} 23. Rfd1 {[%clk 0:55:37]} Rae8
{[%clk 0:51:18]} 24. Nd3 {[%clk 0:54:21]} a5 {[%clk 0:50:23]} 25. Nf4
{[%clk 0:54:17]} Qg7 {[%clk 0:46:01]} 26. Qxg7+ {[%clk 0:53:46]} Kxg7
{[%clk 0:46:28]} 27. Bf3 {[%clk 0:53:55]} Re7 {[%clk 0:44:32]} 28. Kg2
{[%clk 0:53:59]} Rb8 {[%clk 0:43:22]} 29. Rd4 {[%clk 0:51:35]} Be8
{[%clk 0:43:06]} 30. Be2 {[%clk 0:41:52]} Rb4 {[%clk 0:42:21]} 31. Rxb4
{[%clk 0:38:48]} axb4 {[%clk 0:42:49]} 32. Bd3 {[%clk 0:29:10]} Kf6
{[%clk 0:37:22]} 33. Rc2 {[%clk 0:25:22]} Ke5 {[%clk 0:37:14]} 34. Ne2
{[%clk 0:19:14]} Rg7 {[%clk 0:31:14]} 35. f3 {[%clk 0:18:17]} Nd6
{[%clk 0:25:11]} 36. Nd4 {[%clk 0:16:17]} Ra7 {[%clk 0:19:49]} 37. f4+
{[%clk 0:15:24]} Kf6 {[%clk 0:20:10]} 38. Nxc6 {[%clk 0:15:40]} Bxc6
{[%clk 0:20:33]} 39. Rxc6 {[%clk 0:16:04]} Rxa2+ {[%clk 0:20:44]} 40. Kf3
{[%clk 0:16:19]} Ke7 {[%clk 0:20:58]} 41. g4 {[%clk 0:10:16]} Ne4
{[%clk 0:19:31]} 42. gxf5 {[%clk 0:08:41]} Rf2+ {[%clk 0:19:48]} 43. Kg4
{[%clk 0:09:03]} Rg2+ {[%clk 0:17:23]} 44. Kh3 {[%clk 0:09:18]} Rg3+
{[%clk 0:17:48]} 45. Kh4 {[%clk 0:06:43]} Rxe3 {[%clk 0:18:10]} 46. Bxe4
{[%clk 0:06:26]} dxe4 {[%clk 0:17:37]} 47. f6+ {[%clk 0:04:30]} Kf7
{[%clk 0:17:15]} 48. Kg5 {[%clk 0:03:34]} Rc3 {[%clk 0:17:36]} 49. Rb6
{[%clk 0:03:04]} h6+ {[%clk 0:14:11]} 50. Kf5 {[%clk 0:03:05]} e3
{[%clk 0:13:49]} 51. Rb7+ {[%clk 0:03:18]} Kf8 {[%clk 0:12:46]} 52. Kg6
{[%clk 0:03:13]} Rc8 {[%clk 0:12:09]} 53. Rh7 {[%clk 0:01:39]} Kg8
{[%clk 0:12:27]} 54. f7+ {[%clk 0:01:50]}  1-0

[Event "European Senior Team Championship 2021"]
[Site "Don Giovanni hotel, Vinohradska 2733, Prague, Czech Republic"]
[Date "2021.08.31"]
[Round "2"]
[Board "3"]
[White "Valtera, Jiri"]
[Black "Mlynek, Petr"]
[Result "0-1"]
[WhiteElo "1850"]
[BlackElo "2058"]
[PlyCount "0"]
[EventDate "2021.08.30"]
[EventType "team"]
[EventRounds "9"]
[EventCountry "ECX"]
[WhiteTeam "OLDEST BOYS"]
[BlackTeam "CHESS ACADEMY PRAHA"]

1. d4 {[%clk 1:30:13]} d5 {[%clk 1:30:26]} 2. Bf4 {[%clk 1:28:55]} Nf6
{[%clk 1:29:29]} 3. e3 {[%clk 1:29:03]} Bg4 {[%clk 1:28:26]} 4. Nf3
{[%clk 1:26:37]} e6 {[%clk 1:28:32]} 5. Nbd2 {[%clk 1:26:25]} c5 {[%clk 1:27:45]}
6. c3 {[%clk 1:25:45]} Nc6 {[%clk 1:27:21]} 7. Qa4 {[%clk 1:20:40]} a6
{[%clk 1:21:48]} 8. Ne5 {[%clk 1:15:56]} Rc8 {[%clk 1:21:56]} 9. h3
{[%clk 1:08:25]} Bh5 {[%clk 1:21:34]} 10. g4 {[%clk 1:08:19]} Bg6
{[%clk 1:21:45]} 11. Nxg6 {[%clk 1:04:38]} hxg6 {[%clk 1:21:58]} 12. Bg2
{[%clk 1:04:12]} Bd6 {[%clk 1:20:41]} 13. Bxd6 {[%clk 0:56:59]} Qxd6
{[%clk 1:21:03]} 14. Qd1 {[%clk 0:47:33]} cxd4 {[%clk 1:17:33]} 15. exd4
{[%clk 0:45:38]} e5 {[%clk 1:11:46]} 16. dxe5 {[%clk 0:43:42]} Nxe5
{[%clk 1:09:55]} 17. Nf3 {[%clk 0:40:30]} O-O {[%clk 1:07:46]} 18. O-O
{[%clk 0:39:13]} Nc4 {[%clk 1:05:35]} 19. b3 {[%clk 0:32:53]} Nb6
{[%clk 1:05:17]} 20. c4 {[%clk 0:32:59]} Rfd8 {[%clk 1:05:05]} 21. cxd5
{[%clk 0:32:15]} Nbxd5 {[%clk 1:05:17]} 22. Rc1 {[%clk 0:28:26]} Rxc1
{[%clk 1:05:00]} 23. Qxc1 {[%clk 0:28:41]} Nf4 {[%clk 1:05:18]} 24. Qc2
{[%clk 0:23:59]} Qd5 {[%clk 1:03:52]} 25. Re1 {[%clk 0:23:15]} Nxh3+
{[%clk 1:03:14]} 26. Kh2 {[%clk 0:19:53]} Nxf2  0-1

[Event "European Senior Team Championship 2021"]
[Site "Don Giovanni hotel, Vinohradska 2733, Prague, Czech Republic"]
[Date "2021.08.31"]
[Round "2"]
[Board "4"]
[White "Horak, Vladimir"]
[Black "Konvalinka, Vladislav"]
[Result "1/2-1/2"]
[WhiteElo "1954"]
[BlackElo "1718"]
[PlyCount "0"]
[EventDate "2021.08.30"]
[EventType "team"]
[EventRounds "9"]
[EventCountry "ECX"]
[WhiteTeam "CHESS ACADEMY PRAHA"]
[BlackTeam "OLDEST BOYS"]

1. Nf3 {[%clk 1:30:53]} d5 {[%clk 1:30:46]} 2. d4 {[%clk 1:31:09]} Nf6
{[%clk 1:30:58]} 3. e3 {[%clk 1:31:27]} c6 {[%clk 1:30:38]} 4. Bd3
{[%clk 1:30:57]} e6 {[%clk 1:28:38]} 5. Nbd2 {[%clk 1:30:49]} Nbd7
{[%clk 1:27:38]} 6. O-O {[%clk 1:30:57]} g6 {[%clk 1:26:26]} 7. b3
{[%clk 1:26:40]} Qc7 {[%clk 1:20:45]} 8. Bb2 {[%clk 1:23:08]} Bg7
{[%clk 1:18:35]} 9. c4 {[%clk 1:19:19]} O-O {[%clk 1:09:02]} 10. Qc2
{[%clk 1:12:44]} b6 {[%clk 0:58:27]} 11. cxd5 {[%clk 1:05:52]} Nxd5
{[%clk 0:56:47]} 12. Ba3 {[%clk 1:05:44]} Re8 {[%clk 0:54:20]} 13. Rac1
{[%clk 1:04:38]} Bb7 {[%clk 0:54:18]} 14. Ne4 {[%clk 1:01:53]} Bf8
{[%clk 0:52:47]} 15. Bxf8 {[%clk 1:00:24]} Rxf8 {[%clk 0:52:54]} 16. a3
{[%clk 1:00:00]} a5 {[%clk 0:49:06]} 17. Nc3 {[%clk 0:47:42]} Nxc3
{[%clk 0:46:31]} 18. Qxc3 {[%clk 0:48:10]} Qd6 {[%clk 0:46:44]} 19. b4
{[%clk 0:40:14]} Rfc8 {[%clk 0:44:52]} 20. Nd2 {[%clk 0:34:14]} axb4
{[%clk 0:41:37]} 21. axb4 {[%clk 0:34:00]} c5 {[%clk 0:40:30]} 22. dxc5
{[%clk 0:26:33]} bxc5 {[%clk 0:40:01]} 23. b5 {[%clk 0:25:56]} Ne5
{[%clk 0:31:16]} 24. Be4 {[%clk 0:23:21]} Bd5 {[%clk 0:30:49]} 25. Rfd1
{[%clk 0:20:50]} c4 {[%clk 0:24:48]} 26. Rb1 {[%clk 0:11:20]} Ra3
{[%clk 0:19:39]} 27. Rb3 {[%clk 0:06:27]} Rca8 {[%clk 0:16:38]} 28. Rxa3
{[%clk 0:05:36]} Rxa3 {[%clk 0:16:50]}  1/2-1/2

[Event "European Senior Team Championship 2021"]
[Site "Don Giovanni hotel, Vinohradska 2733, Prague, Czech Republic"]
[Date "2021.08.31"]
[Round "2"]
[Board "2"]
[White "Bartonicek, Zdenek"]
[Black "Orlova, Liubov"]
[Result "0-1"]
[WhiteElo "1970"]
[BlackElo "1988"]
[PlyCount "0"]
[EventDate "2021.08.30"]
[EventType "team"]
[EventRounds "9"]
[EventCountry "ECX"]
[WhiteTeam "SK PLZEN"]
[BlackTeam "GERMANY 1 WOMEN"]

1. e4 {[%clk 1:30:52]} g6 {[%clk 1:30:32]} 2. d4 {[%clk 1:30:33]} Bg7
{[%clk 1:30:27]} 3. Nf3 {[%clk 1:29:10]} d6 {[%clk 1:29:50]} 4. Bc4
{[%clk 1:28:36]} Nf6 {[%clk 1:28:20]} 5. Nc3 {[%clk 1:28:10]} O-O
{[%clk 1:28:08]} 6. O-O {[%clk 1:27:34]} c6 {[%clk 1:27:36]} 7. Be3
{[%clk 1:25:54]} d5 {[%clk 1:22:23]} 8. Bd3 {[%clk 1:24:14]} dxe4
{[%clk 1:21:37]} 9. Nxe4 {[%clk 1:24:21]} Nbd7 {[%clk 1:16:23]} 10. Ned2
{[%clk 1:18:04]} Qc7 11. h3 e5 {[%clk 0:56:16]} 12. dxe5 {[%clk 1:17:09]} Nxe5
{[%clk 0:56:24]} 13. Nxe5 {[%clk 1:16:33]} Qxe5 {[%clk 0:56:42]} 14. Nc4
{[%clk 1:14:30]} Qd5 {[%clk 0:53:46]} 15. Be2 {[%clk 1:12:22]} Be6
{[%clk 0:52:00]} 16. Qxd5 {[%clk 1:11:28]} Nxd5 {[%clk 0:51:39]} 17. Bc5
{[%clk 1:10:13]} Nf4 {[%clk 0:45:38]} 18. Bd3 {[%clk 1:08:34]} Rfd8
{[%clk 0:45:04]} 19. Nd6 {[%clk 1:02:10]} Nxd3 {[%clk 0:40:38]} 20. cxd3
{[%clk 1:00:49]} b6 {[%clk 0:39:53]} 21. Ba3 {[%clk 1:00:56]} c5 {[%clk 0:39:26]}
22. Nb5 {[%clk 1:00:39]} Rd7 {[%clk 0:35:51]} 23. Rfd1 {[%clk 0:54:16]} Rad8
{[%clk 0:35:20]} 24. Rac1 {[%clk 0:47:30]} Bxa2 {[%clk 0:33:18]} 25. b4
{[%clk 0:47:08]} a6 {[%clk 0:26:45]} 26. Nc3 {[%clk 0:47:17]} Bb3
{[%clk 0:26:48]} 27. Re1 {[%clk 0:45:57]} Rxd3 {[%clk 0:25:54]} 28. Ne2
{[%clk 0:41:53]} Bh6 {[%clk 0:21:39]} 29. f4 {[%clk 0:38:30]} c4 {[%clk 0:20:48]}
30. Bb2 {[%clk 0:38:36]} Bf8 {[%clk 0:19:24]} 31. Bc3 {[%clk 0:38:48]} b5
{[%clk 0:13:38]} 32. Kf2 {[%clk 0:36:30]} Bd6 {[%clk 0:10:48]} 33. Ra1
{[%clk 0:34:43]} Ba4 {[%clk 0:10:53]} 34. Rac1 {[%clk 0:33:12]} Re8
{[%clk 0:09:39]} 35. g3 {[%clk 0:28:49]} h5 {[%clk 0:09:46]} 36. h4
{[%clk 0:25:27]} Bc7 {[%clk 0:06:58]} 37. Kf1 {[%clk 0:21:30]} Bb6
{[%clk 0:04:55]} 38. Be5 Rf3+ {[%clk 0:04:11]} 39. Kg2 {[%clk 0:19:36]} Rf2+
{[%clk 0:04:01]} 40. Kh1 {[%clk 0:18:28]} Be3 {[%clk 0:02:54]} 41. Bd4
{[%clk 0:17:14]} Bxc1  0-1